[Event "Oberliga Ost-A 2122"]
[Site "Germany"]
[Date "2022.07.09"]
[Round "6.6"]
[White "Liedtke, Matthias"]
[Black "Schaefer, Sven"]
[Result "1-0"]
[WhiteElo "2238"]
[BlackElo "1966"]
[PlyCount "83"]
[EventDate "2021.10.10"]
[EventType "team-tourn"]
[EventRounds "11"]
[EventCountry "GER"]
[SourceTitle "EXT 2023"]
[Source "ChessBase"]
[SourceDate "2022.10.05"]
[SourceVersion "1"]
[SourceVersionDate "2022.10.05"]
[SourceQuality "1"]
[WhiteTeam "Leipzig SG"]
[BlackTeam "Dessau"]
[WhiteTeamCountry "GER"]
[BlackTeamCountry "GER"]

1. e4 c5 2. c3 d5 3. exd5 Qxd5 4. d4 Nc6 5. Nf3 Bg4 6. Be2 cxd4 7. cxd4 e6 8. Nc3 Bb4 9. 0-0 Qa5 10. h3 Bh5 11. Be3 Nge7 12. Qb3 0-0 13. a3 Bxc3 14. bxc3 Qc7 15. Rac1 Na5 16. Qb5 Bg6 17. c4 Nf5 18. Bd2 Nc6 19. Bc3 Nd6 20. Qb3 Ne4 21. Ba1 Na5 22. Qe3 Rfe8 23. Rfd1 Rad8 24. Ne5 Nd6 25. g4 f6 26. Nxg6 hxg6 27. Bd3 Naxc4 28. Qg3 b5 29. Bxg6 Re7 30. Qh4 Nf7 31. Qh7+ Kf8 32. a4 a6 33. axb5 axb5 34. Bc3 Qd7 35. Bb4 Ncd6 36. d5 exd5 37. Rxd5 Re5 38. Rxd6 Nxd6 39. Bxd6+ Qxd6 40. Qh8+ Ke7 41. Qxg7+ Ke6 42. Qf7# 1-0

[Event "Oberliga Ost-A 2122"]
[Site "Germany"]
[Date "2022.06.18"]
[Round "4.7"]
[White "Hoerr, Matthias"]
[Black "Schaefer, Sven"]
[Result "1-0"]
[WhiteElo "2146"]
[BlackElo "1971"]
[PlyCount "67"]
[EventDate "2021.10.10"]
[EventType "team-tourn"]
[EventRounds "11"]
[EventCountry "GER"]
[SourceTitle "EXT 2023"]
[Source "ChessBase"]
[SourceDate "2022.10.05"]
[SourceVersion "1"]
[SourceVersionDate "2022.10.05"]
[SourceQuality "1"]
[WhiteTeam "Plauen Koenig"]
[BlackTeam "Dessau"]
[WhiteTeamCountry "GER"]
[BlackTeamCountry "GER"]

1. e4 c5 2. Nf3 d6 3. d4 cxd4 4. Nxd4 Nf6 5. Nc3 g6 6. Be3 Bg7 7. f3 0-0 8. Qd2 Nc6 9. Bc4 Bd7 10. 0-0-0 Rb8 11. Bb3 Na5 12. Kb1 b5 13. h4 Nc4 14. Bxc4 bxc4 15. g4 Qb6 16. b3 Qc7 17. Bg5 Qc5 18. Bxf6 Bxf6 19. Nd5 Rfc8 20. g5 c3 21. Qe3 Bxd4 22. Qxd4 Qa3 23. Nxc3 Rb4 24. Qe3 Rbc4 25. Rd3 Be6 26. Ka1 Ra4 27. Kb1 Rxc3 28. Rxc3 Qxa2+ 29. Kc1 Ra5 30. Kd2 d5 31. Ke2 Qb2 32. Qd4 Qa2 33. Rd1 Qa3 34. b4 1-0

[Event "Oberliga Ost-A 2122"]
[Site "Germany"]
[Date "2022.05.07"]
[Round "9.7"]
[White "Heyne, Jan Hendrik"]
[Black "Schaefer, Sven"]
[Result "1-0"]
[WhiteElo "1847"]
[BlackElo "1987"]
[PlyCount "83"]
[EventDate "2021.10.10"]
[EventType "team-tourn"]
[EventRounds "11"]
[EventCountry "GER"]
[SourceTitle "EXT 2023"]
[Source "ChessBase"]
[SourceDate "2022.10.05"]
[SourceVersion "1"]
[SourceVersionDate "2022.10.05"]
[SourceQuality "1"]
[WhiteTeam "Magdeburg Aufbau Elbe II"]
[BlackTeam "Dessau"]
[WhiteTeamCountry "GER"]
[BlackTeamCountry "GER"]

1. d4 Nf6 2. Nf3 g6 3. Bf4 Bg7 4. e3 0-0 5. Nbd2 d5 6. Bd3 c5 7. c3 Nbd7 8. h3 b6 9. 0-0 Bb7 10. Qe2 Re8 11. a4 h6 12. a5 Ne4 13. Bb5 Nd6 14. a6 Bc8 15. Bc6 Rb8 16. Bxd5 b5 17. Ne5 Qc7 18. Nxf7 Kh7 19. Ne5 Nb6 20. Bf7 Bxe5 21. Bxe5 Rf8 22. Bb3 Nd7 23. Bg3 Nf6 24. e4 Nh5 25. Bh2 Rb6 26. e5 Ne8 27. Bc2 Nf4 28. Bxf4 Rxf4 29. Ne4 cxd4 30. cxd4 Be6 31. Rfc1 Bc4 32. Bd3 Bxd3 33. Qxd3 Qd7 34. Qe3 Rf5 35. Nc5 Qd5 36. Qe4 Qf7 37. Rc2 Nc7 38. Nd7 Rxa6 39. Rxa6 Nxa6 40. d5 e6 41. Nf6+ Kg7 42. d6 1-0

[Event "GER-ch Net blitz qual1"]
[Site "Playchess.com INT"]
[Date "2021.04.24"]
[Round "1"]
[White "Schaefer, Sven"]
[Black "Brinckmann, Ulrich"]
[Result "1-0"]
[WhiteElo "1852"]
[BlackElo "1576"]
[PlyCount "69"]
[EventDate "2021.04.24"]
[EventType "swiss (blitz)"]
[EventRounds "11"]
[EventCountry "GER"]
[SourceTitle "CBM 202 Extra"]
[Source "ChessBase"]
[SourceDate "2021.07.31"]
[SourceVersion "1"]
[SourceVersionDate "2021.07.31"]
[SourceQuality "1"]

1. e4 c5 2. Nf3 a6 3. c4 e6 4. Nc3 Nc6 5. d4 cxd4 6. Nxd4 Bc5 7. Nb3 Ba7 8. Be2 Nf6 9. 0-0 0-0 10. c5 b5 11. a3 h6 12. Be3 Bb7 13. Rc1 Rc8 14. Nd4 d5 15. exd5 Nxd5 16. Nxd5 Qxd5 17. Nxc6 Bxc6 18. Qxd5 Bxd5 19. b4 Rc6 20. Rfd1 Rfc8 21. Bf3 Bxf3 22. gxf3 Bb8 23. Rd2 Be5 24. Rcd1 R8c7 25. f4 Bf6 26. Kg2 Kh7 27. Kf3 Kg6 28. Rd6 Be7 29. Rd7 Kf5 30. Rxc7 Rxc7 31. Rd3 f6 32. h3 e5 33. fxe5 fxe5 34. Rd5 Ke6 35. Ke4 1-0

[Event "GER-ch Net blitz qual1"]
[Site "Playchess.com INT"]
[Date "2021.04.24"]
[Round "8"]
[White "Schaefer, Sven"]
[Black "Leonforte, Aurelius"]
[Result "1-0"]
[WhiteElo "1852"]
[BlackElo "1620"]
[PlyCount "105"]
[EventDate "2021.04.24"]
[EventType "swiss (blitz)"]
[EventRounds "11"]
[EventCountry "GER"]
[SourceTitle "CBM 202 Extra"]
[Source "ChessBase"]
[SourceDate "2021.07.31"]
[SourceVersion "1"]
[SourceVersionDate "2021.07.31"]
[SourceQuality "1"]

1. e4 e6 2. d4 d5 3. Nd2 c5 4. exd5 exd5 5. Ngf3 Nc6 6. Bb5 Nf6 7. 0-0 a6 8. Bxc6+ bxc6 9. Re1+ Be6 10. Ng5 Qd7 11. dxc5 Bxc5 12. Nb3 0-0 13. Nxc5 Qc8 14. Be3 Bf5 15. h3 Rb8 16. b3 Re8 17. Bd4 Rxe1+ 18. Qxe1 Rb5 19. Qe3 Bxc2 20. Re1 h6 21. Nf3 Ne4 22. Nxe4 dxe4 23. Nd2 Rb4 24. Nxe4 Bxe4 25. Qxe4 c5 26. Qe8+ Qxe8 27. Rxe8+ Kh7 28. Bxc5 Rf4 29. Be3 Rf6 30. Kf1 Rc6 31. Ra8 Kg6 32. g3 f6 33. Kg2 Kf5 34. Kf3 g5 35. g4+ Kg6 36. b4 f5 37. gxf5+ Kxf5 38. Bc5 Ke5 39. a4 Kd5 40. Rd8+ Kc4 41. Rd6 Rxd6 42. Bxd6 Kb3 43. a5 Ka4 44. Bc5 Kb5 45. Kg4 Kc6 46. Kh5 Kd5 47. Kxh6 Ke4 48. Kxg5 Kf3 49. h4 Ke4 50. h5 Kd3 51. h6 Kc4 52. h7 Kb5 53. h8Q 1-0

[Event "GER-ch Net blitz qual4"]
[Site "Playchess.com INT"]
[Date "2020.03.23"]
[Round "8"]
[White "Koeller, Bernd"]
[Black "Schaefer, Sven"]
[Result "1-0"]
[WhiteElo "1758"]
[BlackElo "1987"]
[PlyCount "62"]
[EventDate "2020.03.23"]
[EventType "swiss (blitz)"]
[EventRounds "9"]
[EventCountry "GER"]
[SourceTitle "CBM 195 Extra"]
[Source "ChessBase"]
[SourceDate "2020.05.31"]
[SourceVersion "1"]
[SourceVersionDate "2020.05.31"]
[SourceQuality "1"]

1. f4 Nf6 2. Nf3 g6 3. e3 d6 4. Be2 Bg7 5. Nc3 0-0 6. d4 Nbd7 7. 0-0 c5 8. Bd2 b6 9. Be1 Bb7 10. Bh4 Ne4 11. Nxe4 Bxe4 12. c3 Nf6 13. Ng5 Bb7 14. Bf3 Qc7 15. Qe2 Rad8 16. Rae1 d5 17. g4 Ne4 18. f5 Nxg5 19. Bxg5 Bf6 20. Bf4 Qd7 21. g5 Bg7 22. fxg6 fxg6 23. Bg4 e6 24. Rf3 Bc8 25. Rh3 Bh8 26. Qf3 Qe8 27. Qg3 e5 28. Bxc8 exf4 29. exf4 Qf7 30. Be6 Qxe6 31. Rxe6 cxd4 1-0

[Event "Sachsen-Anhalt Verbandsliga 18/19"]
[Site "Sachsen Anhalt"]
[Date "2019.03.24"]
[Round "7.4"]
[White "Schaefer, Sven"]
[Black "Dietz, Florian"]
[Result "0-1"]
[WhiteElo "2009"]
[BlackElo "2142"]
[PlyCount "106"]
[EventDate "2018.10.21"]
[EventType "team-tourn"]
[EventRounds "9"]
[EventCountry "GER"]
[SourceTitle "EXT 2022"]
[Source "ChessBase"]
[SourceDate "2021.10.06"]
[SourceVersion "1"]
[SourceVersionDate "2021.10.06"]
[SourceQuality "1"]
[WhiteTeam "Dessau"]
[BlackTeam "Reideburg 90 Halle"]
[WhiteTeamCountry "GER"]
[BlackTeamCountry "GER"]

1. e4 c5 2. Nf3 Nc6 3. Bb5 g6 4. Bxc6 bxc6 5. 0-0 Bg7 6. Re1 Nf6 7. c3 0-0 8. d4 Qb6 9. e5 Nd5 10. Nbd2 cxd4 11. cxd4 c5 12. dxc5 Qxc5 13. Nb3 Qc4 14. Qd4 Qxd4 15. Nbxd4 Rb8 16. b3 Ba6 17. Bd2 Rfc8 18. Rac1 h6 19. h3 Kf8 20. g3 Ke8 21. Kg2 Nb4 22. Rxc8+ Bxc8 23. Bxb4 Rxb4 24. a3 Rb8 25. Rc1 Bb7 26. Kf1 Kd8 27. b4 Bxf3 28. Nxf3 Rb5 29. Rd1 Kc7 30. Rd3 a5 31. Rc3+ Kd8 32. bxa5 Bxe5 33. Nxe5 Rxe5 34. a6 Ra5 35. Rf3 f5 36. Rb3 Rxa6 37. Rc3 e5 38. Ke2 Ke7 39. Rb3 Ke6 40. Kd3 Ra4 41. Kc3 d6 42. Kb2 Re4 43. Re3 Rxe3 44. fxe3 g5 45. Kc3 f4 46. gxf4 gxf4 47. exf4 exf4 48. Kd3 d5 49. Ke2 d4 50. Kd3 f3 51. Kd2 Kd5 52. Ke1 d3 53. Kf2 d2 0-1

[Event "Sachsen-Anhalt Verbandsliga 18/19"]
[Site "Sachsen Anhalt"]
[Date "2018.11.25"]
[Round "3.4"]
[White "Kurth, Uwe"]
[Black "Schaefer, Sven"]
[Result "0-1"]
[WhiteElo "2041"]
[BlackElo "2009"]
[PlyCount "66"]
[EventDate "2018.10.21"]
[EventType "team-tourn"]
[EventRounds "9"]
[EventCountry "GER"]
[SourceTitle "EXT 2022"]
[Source "ChessBase"]
[SourceDate "2021.10.06"]
[SourceVersion "1"]
[SourceVersionDate "2021.10.06"]
[SourceQuality "1"]
[WhiteTeam "Graefenhainichen"]
[BlackTeam "Dessau"]
[WhiteTeamCountry "GER"]
[BlackTeamCountry "GER"]

1. e4 c5 2. Nf3 d6 3. d4 cxd4 4. Nxd4 Nf6 5. Nc3 g6 6. Be3 Bg7 7. Be2 0-0 8. f4 Nc6 9. Nb3 Be6 10. g4 Na5 11. g5 Nd7 12. Bd4 Bxd4 13. Nxd4 Bc4 14. h4 Rc8 15. h5 Bxe2 16. Qxe2 Rxc3 17. hxg6 fxg6 18. Ne6 Qc8 19. bxc3 Qxc3+ 20. Kf2 Rf7 21. Qd3 Qc8 22. Kg3 Nc6 23. Qb3 Na5 24. Qd3 Nc6 25. Raf1 Nb6 26. f5 Ne5 27. fxg6 hxg6 28. Rxf7 Qxe6 29. Qb3 Qxf7 30. Qc3 Qc4 31. Qxc4+ Nbxc4 32. Rf1 Nf7 33. Kf4 e5+ 0-1

[Event "Forchheim op 17th"]
[Site "Forchheim"]
[Date "2018.09.22"]
[Round "3"]
[White "Gheng, Simona"]
[Black "Schaefer, Sven"]
[Result "0-1"]
[WhiteElo "2002"]
[BlackElo "1991"]
[PlyCount "92"]
[EventDate "2018.09.21"]
[EventType "swiss"]
[EventRounds "5"]
[EventCountry "GER"]
[SourceTitle "EXT 2019"]
[Source "ChessBase"]
[SourceDate "2018.10.10"]
[SourceVersion "1"]
[SourceVersionDate "2018.10.10"]
[SourceQuality "1"]

1. e4 c5 2. c4 Nc6 3. Nc3 g6 4. g3 Bg7 5. Bg2 d6 6. Nge2 e6 7. d3 Nge7 8. 0-0 0-0 9. a3 Rb8 10. Rb1 f5 11. f4 Bd7 12. b4 Nd4 13. Kh1 b6 14. Nxd4 Bxd4 15. Bb2 Bg7 16. Ne2 Bxb2 17. Rxb2 Nc6 18. d4 cxb4 19. axb4 fxe4 20. Bxe4 Qf6 21. b5 Na5 22. Rc2 Rbc8 23. Bd3 Rc7 24. Qa1 Rfc8 25. Qa2 Kg7 26. Rfc1 Qe7 27. Qa3 Kf7 28. Ng1 d5 29. c5 Nc4 30. Bxc4 dxc4 31. Nf3 Bxb5 32. Ne5+ Kg8 33. Nxc4 Qd7 34. Qe3 Qd5+ 35. Kg1 bxc5 36. dxc5 Qxc5 37. Qxc5 Rxc5 38. Na3 Rxc2 39. Rxc2 Rxc2 40. Nxc2 Kf7 41. Kf2 Kf6 42. Ke3 e5 43. Nb4 exf4+ 44. Kxf4 g5+ 45. Ke4 a6 46. h4 g4 0-1

[Event "Oberliga Ost-A 1718"]
[Site "Germany"]
[Date "2018.03.18"]
[Round "9.7"]
[White "Roemling, Sven"]
[Black "Schaefer, Sven"]
[Result "1/2-1/2"]
[WhiteElo "2154"]
[BlackElo "2001"]
[PlyCount "76"]
[EventDate "2017.10.22"]
[EventType "team-tourn"]
[EventRounds "11"]
[EventCountry "GER"]
[SourceTitle "EXT 2019"]
[Source "ChessBase"]
[SourceDate "2018.10.10"]
[SourceVersion "1"]
[SourceVersionDate "2018.10.10"]
[SourceQuality "1"]
[WhiteTeam "Leipzig SG II"]
[BlackTeam "Dessau"]
[WhiteTeamCountry "GER"]
[BlackTeamCountry "GER"]

1. d4 Nf6 2. Nf3 g6 3. c4 Bg7 4. Nc3 0-0 5. e4 d6 6. Be2 e5 7. 0-0 Nc6 8. d5 Ne7 9. Ne1 Nd7 10. Nd3 f5 11. Bd2 Nf6 12. f3 f4 13. c5 g5 14. Rc1 Ng6 15. Nf2 Rf7 16. cxd6 cxd6 17. a4 h5 18. h3 Bf8 19. Nb5 Rg7 20. Rc3 Nh4 21. Be1 Ne8 22. Kh2 Bd7 23. Rg1 Qf6 24. Nc7 Nxc7 25. Rxc7 Rb8 26. Qb3 Qd8 27. Rc3 Rc8 28. a5 Rxc3 29. Bxc3 g4 30. fxg4 hxg4 31. Nxg4 Bxg4 32. Bxg4 Rxg4 33. hxg4 Nf3+ 34. gxf3 Qh4+ 35. Kg2 Qg3+ 36. Kf1 Qxf3+ 37. Ke1 Qe3+ 38. Kf1 Qf3+ 1/2-1/2

[Event "Oberliga Ost-A 1718"]
[Site "Germany"]
[Date "2018.02.04"]
[Round "7.7"]
[White "Will, Matthias"]
[Black "Schaefer, Sven"]
[Result "1/2-1/2"]
[WhiteElo "2025"]
[BlackElo "2001"]
[PlyCount "153"]
[EventDate "2017.10.22"]
[EventType "team-tourn"]
[EventRounds "11"]
[EventCountry "GER"]
[SourceTitle "EXT 2019"]
[Source "ChessBase"]
[SourceDate "2018.10.10"]
[SourceVersion "1"]
[SourceVersionDate "2018.10.10"]
[SourceQuality "1"]
[WhiteTeam "Naumburg"]
[BlackTeam "Dessau"]
[WhiteTeamCountry "GER"]
[BlackTeamCountry "GER"]

1. Nf3 Nf6 2. c4 g6 3. b4 Bg7 4. Bb2 0-0 5. g3 d5 6. Bg2 c6 7. 0-0 a5 8. b5 dxc4 9. bxc6 Nxc6 10. Na3 Nb4 11. Nxc4 Be6 12. d3 Rc8 13. a3 Nc6 14. Qb3 Qc7 15. Ng5 Bxc4 16. Qxc4 h6 17. Nf3 b5 18. Qxb5 Rb8 19. Be5 Rxb5 20. Bxc7 Rc8 21. Bf4 Nh5 22. Rac1 Nxf4 23. gxf4 Rbb8 24. Rc4 Na7 25. Rfc1 Rxc4 26. Rxc4 Rb1+ 27. Bf1 Nb5 28. Nd2 Rb2 29. Rc8+ Kh7 30. Nc4 Ra2 31. Nxa5 Rxa3 32. Nc6 e6 33. Ne5 Ra7 34. e3 Nd6 35. Rc6 Nf5 36. Nf3 Rb7 37. Bh3 Ne7 38. Rc1 Nd5 39. d4 Ra7 40. Ne5 Bf6 41. Rc2 Kg7 42. Bf1 Bh4 43. Kg2 Bf6 44. Be2 Ne7 45. Bd3 Nd5 46. Be4 Ne7 47. Ng4 Bxd4 48. exd4 f5 49. f3 fxg4 50. fxg4 Ra4 51. Rd2 Kf6 52. Kf3 g5 53. fxg5+ hxg5 54. Ke3 Ra3+ 55. Kf2 Rb3 56. Kg2 Ra3 57. Rf2+ Kg7 58. Rf3 Ra4 59. Rd3 Kf6 60. Bf3 Ng6 61. Kg3 Rb4 62. h3 Ra4 63. Bc6 Rb4 64. d5 exd5 65. Bxd5 Nf4 66. Rf3 Ke5 67. Ba8 Rb2 68. Re3+ Kd4 69. Re4+ Kd3 70. Rxf4 gxf4+ 71. Kxf4 Kd4 72. h4 Rb8 73. Bc6 Rf8+ 74. Kg5 Ke5 75. h5 Rg8+ 76. Kh4 Rxg4+ 77. Kxg4 1/2-1/2

[Event "Oberliga Ost-A 1718"]
[Site "Germany"]
[Date "2017.10.22"]
[Round "1.7"]
[White "Schaefer, Sven"]
[Black "Otikova, Elina"]
[Result "1-0"]
[WhiteElo "2001"]
[BlackElo "2054"]
[PlyCount "65"]
[EventDate "2017.10.22"]
[EventType "team-tourn"]
[EventRounds "11"]
[EventCountry "GER"]
[SourceTitle "EXT 2019"]
[Source "ChessBase"]
[SourceDate "2018.10.10"]
[SourceVersion "1"]
[SourceVersionDate "2018.10.10"]
[SourceQuality "1"]
[WhiteTeam "Dessau"]
[BlackTeam "Loeberitz"]
[WhiteTeamCountry "GER"]
[BlackTeamCountry "GER"]

1. e4 e5 2. Nf3 Nc6 3. Bc4 Bc5 4. c3 Nf6 5. d3 d6 6. 0-0 a6 7. Bb3 Ba7 8. Re1 0-0 9. h3 Ne7 10. Nbd2 Ng6 11. Nf1 Re8 12. Ng3 Be6 13. Ng5 Bxb3 14. Qxb3 Qd7 15. Be3 d5 16. Bxa7 Rxa7 17. exd5 Nxd5 18. d4 Nh4 19. Rxe5 Rxe5 20. dxe5 c6 21. Qc2 Ng6 22. Re1 Qe7 23. Nf3 Ra8 24. Nf5 Qd7 25. Rd1 Qc7 26. Qe4 Re8 27. Qg4 Ndf4 28. Rd7 Qb6 29. Nd6 Rf8 30. Rxb7 Qc5 31. Qf5 f6 32. Qd7 Nh5 33. Qe6+ 1-0

[Event "Prague Holiday M11"]
[Site "Prague"]
[Date "2017.07.21"]
[Round "9"]
[White "Schaefer, Sven"]
[Black "Simecek, Bohumil"]
[Result "1-0"]
[WhiteElo "1996"]
[BlackElo "2105"]
[PlyCount "69"]
[EventDate "2017.07.16"]
[EventType "tourn"]
[EventRounds "9"]
[EventCountry "CZE"]
[SourceTitle "EXT 2023"]
[Source "ChessBase"]
[SourceDate "2022.10.05"]
[SourceVersion "1"]
[SourceVersionDate "2022.10.05"]
[SourceQuality "1"]

1. e4 e6 2. d4 d5 3. Nd2 Nf6 4. e5 Nfd7 5. Bd3 b6 6. Ne2 Ba6 7. Bxa6 Nxa6 8. 0-0 c5 9. c3 Nc7 10. f4 g6 11. Nf3 h5 12. Be3 c4 13. b3 b5 14. Nd2 Nb6 15. b4 Na4 16. Qc2 Qd7 17. Ng3 0-0-0 18. Nh1 Ne8 19. Nf2 Ng7 20. Nf3 Nf5 21. Bd2 Be7 22. Nh3 Kb7 23. Rae1 Kc6 24. Nfg5 Bf8 25. Nf2 Bg7 26. Nd1 Ra8 27. Nb2 Nxb2 28. Qxb2 Bh6 29. Nf3 a5 30. Rb1 Kb6 31. a4 axb4 32. Qxb4 Ra5 33. axb5 Rxb5 34. Qc5+ Ka6 35. Rxb5 1-0

[Event "Prague Holiday M11"]
[Site "Prague"]
[Date "2017.07.16"]
[Round "2"]
[White "Schaefer, Sven"]
[Black "Vetrovsky, Michal"]
[Result "1/2-1/2"]
[WhiteElo "1996"]
[BlackElo "2100"]
[PlyCount "52"]
[EventDate "2017.07.16"]
[EventType "tourn"]
[EventRounds "9"]
[EventCountry "CZE"]
[SourceTitle "EXT 2023"]
[Source "ChessBase"]
[SourceDate "2022.10.05"]
[SourceVersion "1"]
[SourceVersionDate "2022.10.05"]
[SourceQuality "1"]

1. e4 e5 2. d4 exd4 3. Qxd4 Nc6 4. Qe3 d6 5. Nc3 Nge7 6. Bc4 Ng6 7. Nf3 Be7 8. Bd2 Bf6 9. 0-0-0 Be6 10. Bxe6 fxe6 11. Ne2 Qe7 12. Bc3 Bxc3 13. Nxc3 a6 14. h4 0-0-0 15. h5 Nge5 16. Nxe5 dxe5 17. Rxd8+ Rxd8 18. g3 h6 19. Kb1 Qf7 20. f4 b6 21. a3 Kb7 22. fxe5 Nxe5 23. Qf4 Qf6 24. Rf1 Rf8 25. Ne2 Ng4 26. Qxf6 Rxf6 1/2-1/2

[Event "Prague Holiday M11"]
[Site "Prague"]
[Date "2017.07.16"]
[Round "1"]
[White "Tripolsky, Eugene"]
[Black "Schaefer, Sven"]
[Result "1-0"]
[WhiteElo "2304"]
[BlackElo "1996"]
[PlyCount "105"]
[EventDate "2017.07.16"]
[EventType "tourn"]
[EventRounds "9"]
[EventCountry "CZE"]
[SourceTitle "EXT 2023"]
[Source "ChessBase"]
[SourceDate "2022.10.05"]
[SourceVersion "1"]
[SourceVersionDate "2022.10.05"]
[SourceQuality "1"]

1. e4 c5 2. Nf3 d6 3. d4 cxd4 4. Qxd4 Nc6 5. Bb5 Bd7 6. Bxc6 Bxc6 7. Nc3 Nf6 8. Bg5 e6 9. 0-0-0 Be7 10. Rhe1 0-0 11. Kb1 Qc7 12. Qd2 Rfd8 13. Nd4 a6 14. f3 b5 15. g4 b4 16. Nce2 a5 17. Ng3 Bb7 18. Be3 d5 19. e5 Nd7 20. f4 Nc5 21. f5 Ne4 22. Nxe4 dxe4 23. fxe6 Qxe5 24. exf7+ Kxf7 25. Qe2 Kg8 26. Nf5 Bf6 27. Bd4 Qe6 28. Bxf6 Qxf6 29. Qc4+ Kh8 30. Qc7 Bd5 31. Ne7 Qe6 32. Rxd5 Rxd5 33. Nxd5 Qxd5 34. Qe7 Rd8 35. b3 h6 36. Qxe4 Qd2 37. h4 Rc8 38. g5 Qd6 39. gxh6 Qxh6 40. Qe6 Qxe6 41. Rxe6 Rc5 42. Kb2 Kh7 43. Re4 Kg6 44. Rg4+ Kf6 45. Rc4 Re5 46. a3 bxa3+ 47. Kxa3 Kf5 48. Ka4 g6 49. c3 Ke6 50. Rc6+ Kf5 51. c4 Re4 52. Rc5+ Kg4 53. Rg5+ 1-0

[Event "GER CupT prel8"]
[Site "Weida"]
[Date "2016.01.23"]
[Round "1.3"]
[White "Schaefer, Sven"]
[Black "Heine, Mario"]
[Result "1-0"]
[WhiteElo "1953"]
[BlackElo "1774"]
[PlyCount "75"]
[EventDate "2016.01.23"]
[EventType "team-k.o."]
[EventRounds "2"]
[EventCountry "GER"]
[SourceTitle "EXT 2017"]
[Source "ChessBase"]
[SourceDate "2016.10.25"]
[SourceVersion "1"]
[SourceVersionDate "2016.10.25"]
[SourceQuality "1"]
[WhiteTeam "Weida"]
[BlackTeam "Dessau"]
[WhiteTeamCountry "GER"]
[BlackTeamCountry "GER"]

1. e4 d6 2. d4 Nf6 3. Nc3 Nbd7 4. f4 c6 5. Nf3 e6 6. Bd3 Qc7 7. 0-0 e5 8. Kh1 Be7 9. a4 a5 10. Bd2 b6 11. Qe2 Bb7 12. Rae1 h6 13. fxe5 dxe5 14. Bc4 Bd6 15. d5 Nc5 16. Be3 0-0 17. Nh4 Ncd7 18. Nf5 cxd5 19. exd5 Bc5 20. Nb5 Qd8 21. Rd1 Bxe3 22. Qxe3 Nh5 23. Nbd6 Ba6 24. Bxa6 Rxa6 25. Qe2 b5 26. axb5 Nf4 27. Qg4 g6 28. bxa6 Nf6 29. Nxh6+ Kh7 30. Qh4 Kg7 31. Ndf5+ gxf5 32. Qg5+ Kh8 33. Nxf5 Rg8 34. Qh4+ Nh7 35. Qxd8 Rxd8 36. d6 Nf6 37. d7 N4d5 38. g3 1-0

[Event "Oberliga Ost-A 1516"]
[Site "Germany"]
[Date "2016.01.17"]
[Round "7.2"]
[White "Heyder, Florian"]
[Black "Schaefer, Sven"]
[Result "1-0"]
[WhiteElo "2230"]
[BlackElo "1999"]
[PlyCount "57"]
[EventDate "2015.09.20"]
[EventType "team-tourn"]
[EventRounds "11"]
[EventCountry "GER"]
[SourceTitle "EXT 2017"]
[Source "ChessBase"]
[SourceDate "2016.10.25"]
[SourceVersion "1"]
[SourceVersionDate "2016.10.25"]
[SourceQuality "1"]
[WhiteTeam "Sangerhausen"]
[BlackTeam "Dessau"]
[WhiteTeamCountry "GER"]
[BlackTeamCountry "GER"]

1. d4 Nf6 2. Nc3 c5 3. d5 d6 4. e4 g6 5. Nf3 Bg7 6. Bb5+ Bd7 7. a4 0-0 8. 0-0 Bg4 9. h3 Bxf3 10. Qxf3 Nfd7 11. g4 a6 12. Be2 a5 13. Nb5 Nb6 14. Qg3 Na6 15. c3 Nc7 16. Be3 Nxb5 17. Bxb5 Nd7 18. Kh1 Rc8 19. Rad1 Qc7 20. f4 Rcd8 21. Rd2 Rc8 22. g5 Rcd8 23. h4 h5 24. gxh6 Bxh6 25. Rh2 Kh7 26. h5 Nf6 27. hxg6+ fxg6 28. f5 g5 29. Qxg5 1-0

[Event "Forchheim op-A 13th"]
[Site "Forchheim"]
[Date "2014.10.04"]
[Round "4"]
[White "Schaefer, Sven"]
[Black "Monninger, Moritz Franz"]
[Result "1-0"]
[WhiteElo "1966"]
[BlackElo "2152"]
[PlyCount "80"]
[EventDate "2014.10.03"]
[EventType "swiss"]
[EventRounds "5"]
[EventCountry "GER"]
[SourceTitle "EXT 2019"]
[Source "ChessBase"]
[SourceDate "2018.10.10"]
[SourceVersion "1"]
[SourceVersionDate "2018.10.10"]
[SourceQuality "1"]

1. e4 d5 2. exd5 Qxd5 3. Nc3 Qa5 4. d4 Nf6 5. Nf3 c6 6. Bc4 Bf5 7. Bd2 Nbd7 8. Qe2 Qc7 9. Bb3 e6 10. h3 Bd6 11. g4 Bg6 12. 0-0-0 0-0-0 13. Rhe1 Nd5 14. Ne5 Nxe5 15. dxe5 Be7 16. Nxd5 cxd5 17. f4 h5 18. Be3 Bc5 19. Qf2 Bxe3+ 20. Qxe3 hxg4 21. hxg4 Rh2 22. c3 Kb8 23. Rd2 Rh4 24. Rg1 Be4 25. Bc2 Bxc2 26. Kxc2 Rdh8 27. f5 Rh3 28. Qd4 Qe7 29. Rf2 Rc8 30. Kb1 Rc4 31. Qd2 Rh4 32. g5 exf5 33. Qxd5 g6 34. Rd2 Rc5 35. Qd6+ Qxd6 36. exd6 Kc8 37. Re1 Re4 38. Rh1 Kd7 39. Rh7 Rc8 40. Rxf7+ Ke6 1-0

[Event "Forchheim op-A 13th"]
[Site "Forchheim"]
[Date "2014.10.03"]
[Round "2"]
[White "Lenhardt, Manfred"]
[Black "Schaefer, Sven"]
[Result "1-0"]
[WhiteElo "2112"]
[BlackElo "1966"]
[PlyCount "109"]
[EventDate "2014.10.03"]
[EventType "swiss"]
[EventRounds "5"]
[EventCountry "GER"]
[SourceTitle "EXT 2019"]
[Source "ChessBase"]
[SourceDate "2018.10.10"]
[SourceVersion "1"]
[SourceVersionDate "2018.10.10"]
[SourceQuality "1"]

1. d4 Nf6 2. Nc3 d5 3. Bg5 g6 4. Bxf6 exf6 5. e3 c6 6. Bd3 Bd6 7. Qf3 f5 8. Nge2 Nd7 9. g4 fxg4 10. Qxg4 Nc5 11. Qg2 Nxd3+ 12. cxd3 Be6 13. e4 Qd7 14. 0-0-0 0-0-0 15. Kb1 Bc7 16. Rc1 Kb8 17. Rc2 Bh3 18. Qg1 h5 19. f3 Be6 20. Qf2 g5 21. Rhc1 Rc8 22. f4 gxf4 23. Nxf4 Qd6 24. e5 Qe7 25. Na4 Bb6 26. Nc5 Rcf8 27. Rg1 Bxc5 28. dxc5 h4 29. Re2 Rhg8 30. Ree1 Bf5 31. Kc2 h3 32. Nh5 Rxg1 33. Qxg1 Qh4 34. Nf6 Qa4+ 35. Kd2 Qb4+ 36. Kc1 Bxd3 37. Nd7+ Kc7 38. Nxf8 d4 39. Ne6+ fxe6 40. Qg7+ Kc8 41. Qf8+ Kc7 42. Qe7+ Kc8 43. Qxe6+ Kd8 44. Kd1 Qxc5 45. Qd6+ Qxd6 46. exd6 Kd7 47. Re7+ Kxd6 48. Rxb7 a6 49. Ra7 Kd5 50. Kd2 Bf1 51. b4 Bb5 52. Rh7 Bf1 53. Rf7 Bg2 54. a3 c5 55. Rf5+ 1-0